Legal drafting, conveyancing law, wills and practice (Record no. 31969)

MARC details
000 -LEADER
fixed length control field 00507nam a2200193Ia 4500
020 ## - INTERNATIONAL STANDARD BOOK NUMBER
ISBN 9782879150
050 ## - CALL MARK
Classification number KP 105 .A3/
100 ## - STATEMENT OF RESPONSIBILITY--MAIN AUTHOR NAME
Personal name Adubi, C. O.
245 #0 - TITLE STATEMENT
Title Legal drafting, conveyancing law, wills and practice
250 ## - EDITION / VOLUME STATEMENT
Edition / Volume statement 2012ed.
260 ## - PUBLICATION, DISTRIBUTION, ETC. (IMPRINT)
Place of publication Lagos
260 ## - PUBLICATION, DISTRIBUTION, ETC. (IMPRINT)
Name of publisher Lighthouse Publishing Co. Ltd
260 ## - PUBLICATION, DISTRIBUTION, ETC. (IMPRINT)
Year of publication 2012
300 ## - PHYSICAL DESCRIPTION
Number of Pages 369 p
650 ## - SUBJECT ADDED ENTRY--TOPICAL TERM
Topical Term Legal composition. Legal instruments--Nigeria
942 ## - ADDED ENTRY ELEMENTS (KOHA)
Koha item type Books
Holdings
Withdrawn status Lost status Source of classification or shelving scheme Damaged status Not for loan Permanent Location Current Location Shelving location Date acquired Accession Number Price effective from Koha item type
    Library of Congress Classification     Law Library Law Library Items on shelf 04/23/2025 0184385 04/23/2025 Books